Conferencia Nacional de la Minería [celebrado] durante los días 18 al 23 de abril de 1925 / (Record no. 46234)

MARC details
000 -LEADER
campo de control de longitud fija 00622nam a2200169 i 4500
001 - NÚMERO DE CONTROL
campo de control 46234
003 - IDENTIFICADOR DE NÚMERO DE CONTROL
campo de control ES-MaACL
005 - FECHA Y HORA DE LA ÚLTIMA TRANSACCIÓN
campo de control 20230906161339.0
007 - CAMPO FIJO DE DESCRIPCIÓN FÍSICA--INFORMACIÓN GENERAL
campo de control de longitud fija t|
008 - DATOS DE LONGITUD FIJA--INFORMACIÓN GENERAL
campo de control de longitud fija 030328s1925 sp ||||1| spa d
111 2# - ENTRADA PRINCIPAL--NOMBRE DE CONGRESO/REUNIÓN
Nombre de congreso/reunión o jurisdicción como elemento de entrada Conferencia Nacional de la Minería (
Fecha del congreso o de la firma del tratado 1925.
Sede del congreso/Lugar de la reunión Madrid)
9 (RLIN) 218
245 10 - MENCIÓN DEL TÍTULO
Título Conferencia Nacional de la Minería [celebrado] durante los días 18 al 23 de abril de 1925 /
Mención de responsabilidad, etc. Presidencia de Gobierno, Consejo de la Economía Nacional.
260 ## - PUBLICACIÓN, DISTRIBUCIÓN, ETC.
Lugar de publicación, distribución, etc. Madrid :
Nombre del editor, distribuidor, etc. [s.n.,
Fecha de publicación, distribución, etc. 1925] (
Fabricante Gráficas Reunidas)
300 ## - DESCRIPCIÓN FÍSICA
Extensión 461 p.
710 2# - ENTRADA AGREGADA--NOMBRE DE ENTIDAD CORPORATIVA
Nombre de entidad corporativa o nombre de jurisdicción como elemento de entrada Consejo de Economía Nacional (España)
9 (RLIN) 171209
852 ## - LOCALIZACIÓN
Ubicación ES-MaACL
Número de control de estantería G-828
Holdings
Estatus retirado Estado de pérdida Estado de daño No para préstamo Biblioteca de origen Biblioteca actual Ubicación en estantería Fecha de adquisición Fuente de adquisición Total de préstamos Signatura topográfica completa Código de barras Visto por última vez Precio de reemplazo Tipo de ítem Koha
        Biblioteca del Ateneo de Madrid Biblioteca del Ateneo de Madrid Depósito 2 17/01/2008     G-828 1048631 23/02/2023 23/02/2023 Libro impreso